The Hare Krishna movement (Record no. 232878)
[ view plain ]
| 000 -LEADER | |
|---|---|
| fixed length control field | 01272nam a22003014a 4500 |
| 082 04 - DEWEY DECIMAL CLASSIFICATION NUMBER | |
| Classification number | 294.5/512 |
| 245 04 - TITLE STATEMENT | |
| Title | The Hare Krishna movement |
| 260 ## - PUBLICATION, DISTRIBUTION, ETC. (IMPRINT) | |
| Place of publication | New York : |
| Name of publisher | Columbia University Press, |
| Year of publication | 2004. |
| 300 ## - PHYSICAL DESCRIPTION | |
| Number of Pages | xix, 448 p. |
| 700 1# - ADDED ENTRY--PERSONAL NAME | |
| Personal name | Bryant, Edwin F. |
| Personal name | Ekstrand, Maria. |
| 856 40 - ELECTRONIC LOCATION AND ACCESS | |
| Uniform Resource Identifier | http://site.ebrary.com/lib/rucke/Doc?id=10183519 |
No items available.
